000 00220nam a2200097Ia 4500
008 220204s9999 xx 000 0 und d
082 _a82-3
_bCHA
100 _aCharles, Robert
245 0 _aVenom of the cobra
942 _cBK
999 _c35821
_d35821